000 00506nam a2200217Ia 4500
003 OSt
005 20221006141407.0
006 a|||||r|||| 00| 0
007 ta
008 221006b |||||||| |||| 00| 0 eng d
024 _a2,074
037 _cTextual
040 _aEASL
_cEASL
_beng
041 _2eng
_aeng
082 _aV41y7M93, L1
245 0 _aSanskrityan Mao Ye-tum
260 _c1971
300 _ap.
_ccm.
942 _hV41y7M93, L1
_cTEXL
_2CC
999 _c1070160
_d1070160